World Geography General Knowledge #1 - Statistics

General Stats
  • This quiz has been taken 1,751 times
  • The average score is 9 of 15
Answer Stats
Hint Answer % Correct
Which country is ruled by dictator Fidel Castro? Cuba
91%
Name the country that own Greenland. Denmark
91%
Which country is nicknamed 'the land of the rising sun'? Japan
90%
In which country can you find Machu Picchu? Peru
90%
Which Brazilian city hosted the 2014 FIFA World Cup? Rio De Janiero
87%
Name the island that can be found between England and Ireland? Isle Of Mann
78%
What is the capital of the island nation Malta? Valletta
66%
Name the waterfall which is found on the boarder between Canada and the USA. Niagra falls
64%
Name the highest populated metropolitan area in the world? Tokyo
59%
Which city can you find the Petronas Towers? Kuala Lumpur
58%
Which city has the largest Library in the World? Alexandria
49%
Which US state was created by an underground Geothermal hot spot? Hawaii
48%
Which African country features an AK-47 on its flag? Mozambique
34%
Which country was the Mos Eislsy Cantina from Star Wars filmed in? Tunisia
24%
Which mountain overlooks Cape Town? Tabletop Mountain
14%
No matching quizzes found
Score Distribution
Percent of People with Each Score
Percentile by Number Answered
Your Score History
You have not taken this quiz